000 00596nam a2200181Ia 4500
003 GCL
008 140319s9999 xx 000 0 ara d
040 _aGCL /
_cGCL
082 0 4 _a910
_bم د
100 1 _aمحمد صبحى عبدالحكيم
245 1 0 _aدراسات فى الجغرافية العامة /
_cمحمد صبحى عبدالحكيم
260 _aالقاهرة :
_bدار الفكر العربى ،
_c1996
300 _a311 ص ؛
_c24 سم
650 0 4 _aالمناخ
650 0 4 _aالجغرافيا البشرية
650 0 4 _aالظواهر الجوية
942 _2ddc
_cBK
999 _c5136
_d5136